Statistics for Top 10 Rangers FC Goalscorers

Click here to take the quiz!

General Stats

  • This quiz has been taken 1,154 times
  • The average score is 2 of 10

Answer Stats

PlacePlayers# Goals% Correct
1Ally McCoist355
99%
5Derek Johnstone210
45%
6Ralph Brand206
18%
2Bob McPhail261
15%
3Jimmy Smith249
14%
9RC Hamilton184
5%
4Jimmy Fleming223
3%
8Willie Thornton194
3%
10Andy Cunningham182
2%
7Willie Reid195
2%

Score Distribution

Percentile by Number Answered

Percent of People with Each Score

Your Score History

You have not taken this quiz